|
|
|
|
| LEADER |
00000nam a22000007a 4500 |
| 005 |
20220817225654.0 |
| 007 |
cr|||| |||| |
| 008 |
220817s2017 br |||||s|||| 00||0 por d |
| 020 |
|
|
|a 978658935140-5
|
| 035 |
|
|
|a 36861
|
| 040 |
|
|
|a vLex
|
| 090 |
|
|
|c 13739
|d 13739
|
| 100 |
1 |
|
|a de Moraes Mello, Cleyson
|
| 245 |
1 |
0 |
|a Usucapiô Judicial e Extrajudicial
|h [Recurso electrn̤ico] /
|c Cleyson de Moraes Mello
|
| 256 |
|
|
|a Servicio en ln̕ea
|
| 260 |
|
|
|a Rio de Janeiro:
|b Editora Processo,
|c 2021
|
| 300 |
|
|
|a 1 recurso electrn̤ico
|
| 500 |
|
|
|a Esta obra oferece uma clara e panorḿica visô do instituto jurd̕ico da usucapiô. Os trs̊ primeiros capt̕ulos sô destinados ao estudo da posse. A posse ̌apresentada desde sua concepȯ̂ cls̀sica at ̌uma visô mais ampla do instituto, de sua utilidade social e de sua autonomia, incluindo uma farta anl̀ise jurisprudencial (STF e STJ) de seus principais desdobramentos. No capt̕ulo quarto o autor apresenta as noė̳s gerais e pressupostos da usucapiô. No capt̕ulo quinto exsurge uma personals̕sima anl̀ise do mais refinado pensamento da usucapiô de bens imv̤eis, abordando: usucapiô extraordinr̀ia, usucapiô ordinr̀ia, usucapiô especial rural e urbana em suas diversas modalidades. Neste capt̕ulo ainda ̌tratada a usucapiô extrajudicial, a usucapiô indg̕ena, a usucapiô tabular, a usucapiô de servide̳s, a usucapiô de usufruto e a usucapiô quilombola. Por fim, no capt̕ulo sťimo ̌destinado o enfoque acadm̊ico e profissional relativamente a aȯ̂ de usucapiô, a aȯ̂ de expropriaȯ̂ social e a aȯ̂ publiciana.
|
| 506 |
1 |
|
|a Disponible solo en los productos indicados
|d vLex Global
|d vLex Global (Academic Edition, excluding Law Schools)
|d vLex Global (U.S. Academic Edition, Law Schools)
|d vLex Global (U.S. Academic Edition, excluding Law Schools)
|d vLex Global (Academic Edition, Law Schools)
|
| 650 |
0 |
4 |
|a Derecho Civil
|z Brasil
|
| 740 |
0 |
|
|a vLex Libros (Servicio en ln̕ea)
|
| 856 |
4 |
0 |
|u https://app.vlex.com/#/sources/36861
|z Acceso restringido
|
| 942 |
|
|
|c BOOK
|
| 999 |
0 |
|
|a Civil Law
|